Score 0/20 Timer 02:00
0 Plays Today
Name Trio Missing Name % Correct
Father, _______ and Holy GhostSon
94.2%
Snap, _______ and PopCrackle
94.1%
Ed, Edd and _______Eddy
90.4%
Larry, Curly and _______Moe
85.2%
Ron, _______ and HermioneHarry
84.4%
_______, Luigi and YoshiMario
84.3%
_______, Dewey and LouieHuey
81.1%
_______, Paul and MaryPeter
77.5%
The butcher, the _______ and the candlestick makerbaker
75.7%
_______, Stills and NashCrosby
69%
Name Trio Missing Name % Correct
_______, Dick, and HarryTom
68.9%
_______, Jan and MarciaCindy
50%
Edward, _______ and JacobBella
49.8%
Chico, _______ and GrouchoHarpo
48.7%
Bobby, Peter and _______Greg
43.8%
Larry, Darryl and _______Darryl
41.2%
Emerson, _______ and PalmerLake
40.7%
_______, Porthos and AramisAthos
28.5%
Yacko, Wacko and _______Dot
20%
Mike, Vinny and _______Paulie
16.7%

Today's Daily Dose

Missing Word
Lizzo Songs

Get the Picture
The Longest Rivers

Remove Ads.
Support Sporcle.
Get the best of Sporcle when you Go Orange. This ad-free experience offers more features, more stats, and more fun while also helping to support Sporcle. Thank you for becoming a member.

You're not logged in!

Compare scores with friends on all Sporcle quizzes.
OR
Log In

Show Comments

Extras

Top Quizzes Today


Score Distribution

Your Account Isn't Verified!

In order to create a playlist on Sporcle, you need to verify the email address you used during registration. Go to your Sporcle Settings to finish the process.

Report this User

Report this user for behavior that violates our Community Guidelines.

Details: